Vida y obra de Franz Liszt
Kaydedildi:
| Yazar: | |
|---|---|
| Materyal Türü: | Kitap |
| Dil: | İspanyolca |
| Baskı/Yayın Bilgisi: |
Buenos Aires
Espasa-Calpe
1954
|
| Seri Bilgileri: | Colección Austral, 1217
|
| Konular: | |
| Etiketler: |
Etiketle
Etiket eklenmemiş, İlk siz ekleyin!
|
MARC
| LEADER | 00000nam a2200000 a 4500 | ||
|---|---|---|---|
| 001 | UCN1691 | ||
| 003 | CL-VaPUC | ||
| 005 | 20230804112744.0 | ||
| 008 | 010427e19540000AG |||||||||||||||||spa|d | ||
| 999 | |c 294939 |d 294937 | ||
| 040 | |c Pontificia Universidad Católica de Valparaíso | ||
| 082 | 0 | 4 | |a 780.92 |b SOP |2 21 |
| 100 | 0 | |a Sopeña, Federico |e author |9 456972 | |
| 245 | 1 | 0 | |a Vida y obra de Franz Liszt |
| 260 | |a Buenos Aires |b Espasa-Calpe |c 1954 | ||
| 300 | |a 145 p | ||
| 490 | 0 | |a Colección Austral, 1217 | |
| 583 | |a last modification |c 20010427 00:00:00 |k Rodrigo Vera | ||
| 600 | 0 | |a Liszt, Franz, |d 1811-1886 |9 614058 | |
| 650 | 0 | |a Compositores húngaros |9 456630 | |
| 650 | 7 | |a MUSICOS HUNGAROS |2 CL-VaPUC |9 456973 | |
| 650 | 0 | |a Pianistas |9 306502 | |
| 650 | 7 | |a MUSICA SIGLO 19 |2 CL-VaPUC |9 456974 | |
| 942 | |c BK |2 ddc | ||
| 945 | |d 20010427 00:00:00 |a crobeson | ||
| 952 | |0 0 |1 0 |4 0 |6 780_920000000000000_SOP_1954 |7 0 |8 A |9 347697 |a BIBEDU |b BIBEDU |d 2019-11-20 |i 1180738 |l 1 |m 1 |o 780.92 SOP 1954 |p 1180738 |r 2025-03-24 |s 2025-03-12 |w 2019-11-20 |y BK |k MUS | ||